Advanced General Knowledge /1 - Statistics

General Stats
  • This quiz has been taken 32 times
  • The average score is 7 of 16
Answer Stats
Question Answer % Correct
Where do you might find Stamford Bridge? London
68%
What's the name of the currency used in South Africa? Rand
64%
Which type of tree grows the tallest? Redwood
64%
For which role did Leonardo DiCaprio finally win an Oscar in 2015? The Revenant
64%
What's the capital of Liechtenstein? Vaduz
64%
Who famously said "Alea iacta est" right before he crossed the Rubicon? Caesar
61%
In which country was Russian revolutionary Leo Trotzky murdered? Mexico
57%
Who directed the 1996 film Fargo? Joel Coen
39%
Where would one find the "Southern Alps"? New Zealand
39%
Which Premier League team of the "big six" won no major trophy the last 10 years? Tottenham
36%
Which German team is the only team to win the UCL besides Dortmund and Bayern? HSV
32%
What type of animal is Mister Krabs' daughter in "Spongebob Squarepants"? a whale
25%
Who featured on Kanye West's 2005 hit "Gold Digger"? Jamie Foxx
21%
What's the name of the stronghold near Minas Tirith at the riverbank of the Anduin? Osgiliath
18%
Which year marked the end of the Holy Roman Empire? 1806
11%
Which album has won Kendrick Lamar a Pulitzer prize? HUMBLE.
4%
No matching quizzes found
Score Distribution
Percent of People with Each Score
Percentile by Number Answered
Your Score History
You have not taken this quiz